CONCACAF National Soccer Team Logos - Statistics

General Stats
  • This quiz has been taken 344 times
    339 since last reset
  • The average score is 23 of 41
Answer Stats
Picture Answer % Correct
Canada
100%
Jamaica
99%
Mexico
99%
Panama
99%
United States
99%
Honduras
98%
Barbados
88%
Costa Rica
81%
Dominica
79%
Nicaragua
79%
Grenada
78%
Saint Vincent and the Grenadines
78%
Trinidad and Tobago
77%
El Salvador
74%
Guyana
74%
Saint Kitts and Nevis
70%
Cuba
69%
Belize
65%
Haiti
58%
Dominican Republic
52%
U.S. Virgin Islands
52%
Guatemala
46%
Suriname
44%
Aruba
43%
Saint Lucia
42%
British Virgin Islands
41%
Anguilla
40%
Bonaire
40%
Puerto Rico
39%
Bahamas
35%
Curaçao
35%
Antigua and Barbuda
33%
Bermuda
29%
Cayman Islands
27%
Martinique
26%
Saint Martin
26%
Guadeloupe
25%
Montserrat
25%
Sint Maarten
23%
Turks and Caicos
23%
French Guiana
22%
No matching quizzes found
Score Distribution
Percent of People with Each Score
Percentile by Number Answered
Your Score History
You have not taken this quiz since the last reset